[Event "Vesterhavsturneringen 2004"]
[Site "Esbjerg"]
[Date "2004.07.09"]
[Round "8"]
[White "Hansen, Erik Hedegaard"]
[Black "Andersen, Hans Jorgen"]
[Result "1-0"]
[WhiteElo "1738"]
[BlackElo "2060"]
[PlyCount "59"]
[EventDate "2004.??.??"]
[EventType "swiss"]
[EventRounds "9"]
[EventCountry "DEN"]

1. d4 Nf6 2. c4 d5 3. e3 e6 4. Nc3 Be7 5. Nf3 O-O 6. Bd3 c6 7. O-O b6 8. Ne5
Qc7 9. f4 Ba6 10. b3 Nbd7 11. Bd2 dxc4 12. bxc4 Rac8 13. a4 c5 14. Nb5 Bxb5 15.
axb5 Nxe5 16. fxe5 Ne8 17. Qh5 g6 18. Qh6 Qd8 19. Rxa7 Bg5 20. Qh3 cxd4 21. Bb4
Rc5 22. Qf3 Bxe3+ 23. Kh1 Rc7 24. Rxc7 Qxc7 25. Bxf8 Kxf8 26. c5 f5 27. exf6
bxc5 28. f7 Nd6 29. Qf6 Nxf7 30. Qh8+ 1-0

[Event "Vesterhavsturneringen 2004"]
[Site "Esbjerg"]
[Date "2004.07.09"]
[Round "8"]
[White "Hansen, John B"]
[Black "Jessen, Ernst J"]
[Result "1/2-1/2"]
[WhiteElo "1741"]
[BlackElo "1633"]
[PlyCount "42"]
[EventDate "2004.??.??"]
[EventType "swiss"]
[EventRounds "9"]
[EventCountry "DEN"]

1. e4 e6 2. g3 b6 3. Bg2 Bb7 4. c4 d5 5. cxd5 exd5 6. e5 c5 7. Ne2 Qd7 8. d4
Nc6 9. dxc5 Nxe5 10. cxb6 axb6 11. O-O Bc5 12. Nd4 Ne7 13. Re1 N5c6 14. Be3 O-O
15. a3 Rfe8 16. Nxc6 Bxc6 17. Bxc5 bxc5 18. Qc2 c4 19. b3 cxb3 20. Qxb3 Rab8
21. Qd1 Red8 1/2-1/2

[Event "Vesterhavsturneringen 2004"]
[Site "Esbjerg"]
[Date "2004.07.09"]
[Round "8"]
[White "Hansen, John Nyholm"]
[Black "Munch, Anders J"]
[Result "1-0"]
[WhiteElo "2021"]
[BlackElo "1840"]
[PlyCount "95"]
[EventDate "2004.??.??"]
[EventType "swiss"]
[EventRounds "9"]
[EventCountry "DEN"]

1. e4 e6 2. d4 d5 3. Nc3 Bb4 4. e5 c5 5. a3 Bxc3+ 6. bxc3 Qc7 7. Qg4 Ne7 8.
Qxg7 Rg8 9. Qxh7 cxd4 10. Ne2 Nbc6 11. f4 Bd7 12. Qd3 dxc3 13. Qxc3 O-O-O 14.
Rb1 Rg7 15. Bd2 Nf5 16. g3 Rdg8 17. Bh3 Nce7 18. Qxc7+ Kxc7 19. Kf2 Bc6 20. Bb4
Rh7 21. Bg2 Ba4 22. Bxe7 Nxe7 23. Nd4 b6 24. Bf3 Kb8 25. Rb4 Bd7 26. h4 Rc8 27.
h5 Rc3 28. Rb3 Rc4 29. c3 Rc8 30. g4 Ba4 31. Rb4 Bd7 32. Rc1 Rc5 33. Nb3 Rc8
34. Nd4 Rc5 35. Be2 Ra5 36. Rb3 Ba4 37. Rb2 Bd7 38. Ra1 Rc5 39. Rc2 Ba4 40.
Rcc1 Rh8 41. Ke3 Rhc8 42. Kd2 Rh8 43. f5 exf5 44. gxf5 Bd7 45. e6 fxe6 46. fxe6
Be8 47. Rg1 Bxh5 48. Rh1 1-0

[Event "Vesterhavsturneringen 2004"]
[Site "Esbjerg"]
[Date "2004.07.09"]
[Round "8"]
[White "Hartvig, Ove Weiss"]
[Black "Andersen, Rune"]
[Result "1-0"]
[WhiteElo "2212"]
[BlackElo "2045"]
[PlyCount "69"]
[EventDate "2004.??.??"]
[EventType "swiss"]
[EventRounds "9"]
[EventCountry "DEN"]

1. e4 c5 2. Nf3 Nc6 3. d4 cxd4 4. Nxd4 g6 5. Nc3 Bg7 6. Be3 Nf6 7. Bc4 O-O 8.
Bb3 d6 9. f3 Bd7 10. Qd2 Rc8 11. O-O-O Ne5 12. h4 Nc4 13. Bxc4 Rxc4 14. Kb1 Re8
15. h5 Nxh5 16. g4 Nf6 17. Nd5 e6 18. Nxf6+ Qxf6 19. Qh2 e5 20. g5 Qe7 21. Nf5
gxf5 22. Qxh7+ Kf8 23. exf5 Bxf5 24. Qxf5 e4 25. g6 Qe6 26. Qxf7+ Qxf7 27. gxf7
Rec8 28. Rh7 Rxc2 29. Rg1 Rxb2+ 30. Ka1 Rg2+ 31. Rxg7 Rxg7 32. Bh6 exf3 33.
Rxg7 Rc1+ 34. Kb2 Rh1 35. Rh7+ 1-0

[Event "Vesterhavsturneringen 2004"]
[Site "Esbjerg"]
[Date "2004.07.09"]
[Round "8"]
[White "Hein, Jacob"]
[Black "Hjorth, Henrik"]
[Result "0-1"]
[WhiteElo "1317"]
[BlackElo "1625"]
[PlyCount "86"]
[EventDate "2004.??.??"]
[EventType "swiss"]
[EventRounds "9"]
[EventCountry "DEN"]

1. d4 Nf6 2. c4 c5 3. Bg5 e6 4. e4 cxd4 5. Qxd4 Nc6 6. Qd1 Qa5+ 7. Bd2 Bb4 8.
Nc3 d6 9. Bd3 O-O 10. a3 Bxc3 11. Bxc3 Qh5 12. Nf3 Rd8 13. Bxf6 gxf6 14. g4 Qh3
15. Rg1 Ne5 16. Rg3 Nxf3+ 17. Qxf3 Qh6 18. h4 Kh8 19. g5 fxg5 20. hxg5 Qg7 21.
O-O-O e5 22. Qf6 Be6 23. Be2 Rac8 24. b3 b5 25. Kb2 bxc4 26. bxc4 Qxf6 27. gxf6
Rg8 28. Rxg8+ Kxg8 29. Rxd6 h6 30. Ra6 Bxc4 31. Bxc4 Rxc4 32. f3 Kh7 33. Rxa7
Kg6 34. Ra6 h5 35. Kb3 Rd4 36. Kc3 h4 37. Rb6 Rd1 38. Kc2 Ra1 39. Kb2 Rf1 40.
Rb3 h3 41. f4 h2 42. fxe5 h1=Q 43. Rg3+ Kh6 0-1

[Event "Vesterhavsturneringen 2004"]
[Site "Esbjerg"]
[Date "2004.07.09"]
[Round "8"]
[White "Jacobsen, Per"]
[Black "Madsen, Simon Rise"]
[Result "1-0"]
[WhiteElo "1570"]
[BlackElo "1250"]
[PlyCount "41"]
[EventDate "2004.??.??"]
[EventType "swiss"]
[EventRounds "9"]
[EventCountry "DEN"]

1. Nf3 d5 2. g3 Nf6 3. Bg2 Nc6 4. d3 e5 5. O-O g6 6. c3 Bf5 7. Qa4 Qd6 8. b4
Bg7 9. b5 Ne7 10. Ba3 Qd7 11. Nxe5 Qe6 12. d4 O-O 13. Nd2 c6 14. Bxe7 cxb5 15.
Qa3 Bh6 16. Bxf8 Bxd2 17. Be7 Bxc3 18. Qxc3 Qxe7 19. Rac1 Rc8 20. Qb2 Re8 21.
Qxb5 1-0

[Event "Vesterhavsturneringen 2004"]
[Site "Esbjerg"]
[Date "2004.07.09"]
[Round "8"]
[White "Jakobsen, Martin Skov"]
[Black "Nielsen, Henrik Lindholt"]
[Result "1-0"]
[WhiteElo "2139"]
[BlackElo "1839"]
[PlyCount "67"]
[EventDate "2004.??.??"]
[EventType "swiss"]
[EventRounds "9"]
[EventCountry "DEN"]

1. e4 c5 2. c3 e6 3. d4 d5 4. exd5 exd5 5. Nf3 Nf6 6. Bg5 cxd4 7. Nxd4 Be7 8.
Nd2 Ne4 9. Bxe7 Qxe7 10. Bb5+ Bd7 11. O-O O-O 12. Re1 Bxb5 13. Nxb5 Qc5 14.
Nxe4 Qxb5 15. Ng5 d4 16. Ne4 dxc3 17. bxc3 Na6 18. Qf3 Qc6 19. Qf5 Rfe8 20. Ng5
Qg6 21. Qd7 Red8 22. Qb5 Nc7 23. Qxb7 Nd5 24. Re5 Nf6 25. Rae1 h6 26. Nf3 Rab8
27. Qxa7 Ra8 28. Qe7 Nd5 29. Qh4 Nxc3 30. Nd4 Qf6 31. Qg3 Rxd4 32. Qxc3 Rda4
33. Qc2 Rxa2 34. Re8+ 1-0

[Event "Vesterhavsturneringen 2004"]
[Site "Esbjerg"]
[Date "2004.07.09"]
[Round "8"]
[White "Jakobsen, Ole"]
[Black "Rendboe, John Filip"]
[Result "1-0"]
[WhiteElo "2379"]
[BlackElo "2235"]
[PlyCount "109"]
[EventDate "2004.??.??"]
[EventType "swiss"]
[EventRounds "9"]
[EventCountry "DEN"]

1. d4 Nf6 2. c4 e6 3. Nc3 d5 4. Bg5 Be7 5. e3 O-O 6. Nf3 h6 7. Bh4 b6 8. Be2
Bb7 9. Bxf6 Bxf6 10. cxd5 exd5 11. O-O Nd7 12. b4 c6 13. Qb3 Re8 14. Rad1 a6
15. a4 b5 16. a5 Nf8 17. Bd3 Bc8 18. Rc1 Bg4 19. Ne1 Qd6 20. Bb1 Ne6 21. Qb2
Ng5 22. Nd3 Nf3+ 23. gxf3 Bxf3 24. Ne1 Qd7 25. Ne2 Bxd4 26. Qxd4 Bxe2 27. Ng2
Bxf1 28. Rxf1 Qd6 29. Rc1 Rac8 30. Nf4 Re5 31. Kh1 Rg5 32. Bd3 Qd7 33. Bf1 Qg4
34. Bg2 Re8 35. h3 Qd7 36. Qc5 d4 37. Qxc6 Qxc6 38. Bxc6 Rd8 39. Rd1 Rf5 40.
Kg2 g5 41. Ne2 Rf6 42. Bf3 Rfd6 43. Nxd4 Rc8 44. Rb1 Rc3 45. Kf1 Kf8 46. Ke1
Rc7 47. Ke2 Rc4 48. Be4 h5 49. Bd3 Rc7 50. Nb3 Rc3 51. Nc5 Kg7 52. Ra1 Kh6 53.
Kd2 Rc4 54. Nxa6 Rh4 55. Nc5 1-0

[Event "Vesterhavsturneringen 2004"]
[Site "Esbjerg"]
[Date "2004.07.09"]
[Round "8"]
[White "Jensen, Jan"]
[Black "Rasmussen, Kasper Ammitzboll"]
[Result "1-0"]
[WhiteElo "1675"]
[BlackElo "1896"]
[PlyCount "129"]
[EventDate "2004.??.??"]
[EventType "swiss"]
[EventRounds "9"]
[EventCountry "DEN"]

1. d4 Nf6 2. c4 g6 3. Nc3 Bg7 4. e4 d6 5. f3 O-O 6. Be3 c5 7. Nge2 cxd4 8. Nxd4
Nc6 9. Qd2 Rb8 10. Be2 a6 11. O-O Bd7 12. Rfd1 b5 13. Nxc6 Bxc6 14. c5 dxc5 15.
Qxd8 Rfxd8 16. Bxc5 Bf8 17. Bb4 e5 18. Ba5 Bc5+ 19. Kf1 Rd4 20. Bc7 Re8 21.
Rac1 Nd7 22. Nd5 Bxd5 23. exd5 Rxd1+ 24. Bxd1 e4 25. f4 Kf8 26. a4 Ke7 27. axb5
axb5 28. Be2 Bd6 29. Bxb5 Ra8 30. Bxd6+ Kxd6 31. Bxd7 Kxd7 32. Ke2 Kd6 33. Ke3
Kxd5 34. Rd1+ Ke6 35. Kxe4 f5+ 36. Kd3 Rd8+ 37. Kc2 Rc8+ 38. Kb1 Rc6 39. b3 h6
40. Kb2 g5 41. Rd4 Rc8 42. b4 Rc7 43. g3 Rc8 44. Kb3 Rc6 45. b5 Rc1 46. Rc4
Rb1+ 47. Ka4 Ra1+ 48. Kb4 Rb1+ 49. Kc5 Kd7 50. fxg5 hxg5 51. h4 gxh4 52. Rxh4
Rb3 53. Rh7+ Kc8 54. Rg7 Rb1 55. Kb6 Rg1 56. Rg8+ Kd7 57. Rg5 Kc8 58. Rxf5 Rxg3
59. Rf8+ Kd7 60. Kb7 Rb3 61. b6 Rb2 62. Ka7 Ra2+ 63. Kb8 Rb2 64. b7 Kc6 65. Kc8
1-0

[Event "Vesterhavsturneringen 2004"]
[Site "Esbjerg"]
[Date "2004.07.09"]
[Round "8"]
[White "Jensen, Torben Richard"]
[Black "Wilton, Lars"]
[Result "1/2-1/2"]
[WhiteElo "1898"]
[BlackElo "2125"]
[PlyCount "41"]
[EventDate "2004.??.??"]
[EventType "swiss"]
[EventRounds "9"]
[EventCountry "DEN"]

1. c4 f5 2. Nc3 Nf6 3. g3 g6 4. Bg2 Bg7 5. e4 fxe4 6. Nxe4 Nc6 7. Ne2 O-O 8. d4
d6 9. a3 Nxe4 10. Bxe4 Bg4 11. Be3 Qe8 12. h3 Bd7 13. Bg2 e5 14. d5 Ne7 15. O-O
Nf5 16. Bd2 Rd8 17. Nc3 a6 18. Kh2 c5 19. Ne4 Bc8 20. Ba5 Rd7 21. Bb6 1/2-1/2

[Event "Vesterhavsturneringen 2004"]
[Site "Esbjerg"]
[Date "2004.07.09"]
[Round "8"]
[White "Johansen, Johnny Holler"]
[Black "Fyhn, Karsten"]
[Result "1/2-1/2"]
[WhiteElo "1916"]
[BlackElo "1796"]
[PlyCount "64"]
[EventDate "2004.??.??"]
[EventType "swiss"]
[EventRounds "9"]
[EventCountry "DEN"]

1. d4 Nf6 2. c4 e6 3. Nc3 d5 4. Bg5 Be7 5. Nf3 O-O 6. e3 c6 7. Qc2 h6 8. Bh4
Nbd7 9. cxd5 exd5 10. Bd3 Re8 11. Bg3 a6 12. O-O c5 13. b3 b6 14. Rac1 Bb7 15.
Qe2 Ne4 16. Ne5 Nxg3 17. hxg3 Nxe5 18. dxe5 d4 19. exd4 cxd4 20. Ne4 Ba3 21.
Qh5 Bxc1 22. Nd6 Qc7 23. Bc4 Rf8 24. Rxc1 Bd5 25. Kh2 Bxc4 26. Rxc4 Qe7 27. f4
f6 28. Rxd4 Rad8 29. Qg6 fxe5 30. Nf5 Rxf5 31. Rxd8+ Qxd8 32. Qxf5 exf4 1/2-1/2

[Event "Vesterhavsturneringen 2004"]
[Site "Esbjerg"]
[Date "2004.07.09"]
[Round "8"]
[White "Jorgensen, Miki Worm"]
[Black "Jensen, Jonbert"]
[Result "0-1"]
[WhiteElo "1333"]
[BlackElo "1421"]
[PlyCount "32"]
[EventDate "2004.??.??"]
[EventType "swiss"]
[EventRounds "9"]
[EventCountry "DEN"]

1. e4 c5 2. Nf3 d6 3. d3 Nc6 4. Be2 Nf6 5. c3 g6 6. Bg5 Bg7 7. Qc1 O-O 8. Bh6
Ng4 9. Bxg7 Kxg7 10. O-O d5 11. Nbd2 b6 12. Qd1 d4 13. Nxd4 Nxh2 14. Kxh2 Qd6+
15. e5 Nxe5 16. Nb5 Nf3+ 0-1

[Event "Vesterhavsturneringen 2004"]
[Site "Esbjerg"]
[Date "2004.07.09"]
[Round "8"]
[White "Klos, Bjarne"]
[Black "Jacobsen, Jacob"]
[Result "0-1"]
[WhiteElo "1758"]
[BlackElo "1825"]
[PlyCount "74"]
[EventDate "2004.??.??"]
[EventType "swiss"]
[EventRounds "9"]
[EventCountry "DEN"]

1. d4 Nf6 2. c4 c5 3. e3 g6 4. Nf3 Bg7 5. Be2 O-O 6. O-O d6 7. Nc3 Na6 8. a3
Bd7 9. Rb1 Rc8 10. b4 b6 11. b5 Nc7 12. d5 Bf5 13. Rb3 e5 14. Nh4 Nfxd5 15.
Nxf5 Nxc3 16. Rxc3 gxf5 17. Rd3 Ne8 18. Rd5 Rc7 19. f4 Qh4 20. g3 Qf6 21. e4
exf4 22. Rxf4 Qe7 23. Rdxf5 Bd4+ 24. Kh1 Ng7 25. Rg4 Kh8 26. Rd5 f5 27. exf5
Re8 28. Bg5 Qxe2 29. Qxe2 Rxe2 30. Rxd6 Re8 31. Rd5 Rf7 32. f6 Bxf6 33. Rf4 Nh5
34. Rff5 Kg8 35. Bh6 Ng7 36. Rf4 Bd4 37. Rg4 Rf2 0-1

[Event "Vesterhavsturneringen 2004"]
[Site "Esbjerg"]
[Date "2004.07.09"]
[Round "8"]
[White "Konstantinov, Maxim"]
[Black "Sorensen, Carsten Klint"]
[Result "1-0"]
[WhiteElo "1519"]
[BlackElo "1707"]
[PlyCount "75"]
[EventDate "2004.??.??"]
[EventType "swiss"]
[EventRounds "9"]
[EventCountry "DEN"]

1. d4 Nf6 2. c4 d6 3. Nc3 c6 4. e4 Qa5 5. Bd2 Nbd7 6. Nd5 Qd8 7. Nxf6+ Nxf6 8.
Bd3 e5 9. Ne2 Be7 10. O-O O-O 11. Bc3 Qc7 12. f4 Ng4 13. Qe1 Qb6 14. Kh1 exd4
15. Bxd4 c5 16. Bc3 Qd8 17. f5 Bh4 18. Ng3 Ne5 19. Qe3 Bd7 20. Rad1 Bg5 21. Qe2
Qf6 22. Rf3 Qh6 23. Bxe5 dxe5 24. Nf1 Qh5 25. Qf2 b6 26. Be2 Bh4 27. Qe3 Bc6
28. Rg3 Qxe2 29. Qxe2 Bxg3 30. Nxg3 Rad8 31. Rxd8 Rxd8 32. Nf1 Rd4 33. Nd2 f6
34. g4 a6 35. Kg2 b5 36. b3 bxc4 37. bxc4 Ba4 38. Nb3 1-0

[Event "Vesterhavsturneringen 2004"]
[Site "Esbjerg"]
[Date "2004.07.09"]
[Round "8"]
[White "Kristensen, Jens"]
[Black "Christensen, Svend Ib"]
[Result "1/2-1/2"]
[WhiteElo "1689"]
[BlackElo "1517"]
[PlyCount "42"]
[EventDate "2004.??.??"]
[EventType "swiss"]
[EventRounds "9"]
[EventCountry "DEN"]

1. e4 d6 2. d4 Nf6 3. Bd3 e6 4. Nf3 Nbd7 5. O-O Be7 6. c4 c5 7. d5 exd5 8. exd5
O-O 9. Nc3 Ng4 10. Qc2 g6 11. Ne4 Nge5 12. Be2 Nxf3+ 13. Bxf3 Ne5 14. Qc3 f5
15. Ng3 Bf6 16. Qb3 b6 17. Be2 Re8 18. Re1 Nf7 19. Bd2 Bd7 20. Bd3 Be5 21. f4
Bd4+ 1/2-1/2

[Event "Vesterhavsturneringen 2004"]
[Site "Esbjerg"]
[Date "2004.07.09"]
[Round "8"]
[White "Larsen, Peter"]
[Black "Pedersen, Christian Kyndel"]
[Result "0-1"]
[WhiteElo "2150"]
[BlackElo "2366"]
[PlyCount "102"]
[EventDate "2004.??.??"]
[EventType "swiss"]
[EventRounds "9"]
[EventCountry "DEN"]

1. e4 c6 2. d4 d5 3. e5 Bf5 4. c4 dxc4 5. Bxc4 e6 6. Nc3 Nd7 7. Nge2 Ne7 8. Ng3
Nb6 9. Bb3 Qd7 10. O-O O-O-O 11. Bg5 Bg6 12. Nce4 h6 13. Nd6+ Kb8 14. Bd2 Nec8
15. Nxc8 Rxc8 16. Ba5 Nd5 17. Qd2 Be7 18. Rae1 Bd8 19. Ne4 Bxe4 20. Rxe4 Bxa5
21. Qxa5 Ne7 22. Rd1 Rhd8 23. h3 Qc7 24. Qc3 Rd7 25. Qg3 Nf5 26. Qc3 Rcd8 27.
g4 Ne7 28. Ba4 Nd5 29. Qd2 g5 30. b4 Qb6 31. a3 Nf4 32. Kh2 Qa6 33. Qc2 Qb6 34.
Qc5 Qxc5 35. bxc5 Kc7 36. Rd2 Rd5 37. Rd1 b6 38. cxb6+ axb6 39. Rc1 b5 40. Bd1
Nd3 41. Rc2 Rxd4 42. Rxd4 Rxd4 43. Be2 Rd5 44. Bf3 Rc5 45. Rxc5 Nxc5 46. Bd1
Nd3 47. Kg3 Nxe5 48. f4 Nc4 49. h4 f6 50. Bb3 Nxa3 51. Bxe6 Kd6 0-1

[Event "Vesterhavsturneringen 2004"]
[Site "Esbjerg"]
[Date "2004.07.09"]
[Round "8"]
[White "Larsen, Peter Elkjaer"]
[Black "Nielsen, Marianne Izaura"]
[Result "1-0"]
[WhiteElo "1901"]
[BlackElo "1617"]
[PlyCount "77"]
[EventDate "2004.??.??"]
[EventType "swiss"]
[EventRounds "9"]
[EventCountry "DEN"]

1. e4 c5 2. Nf3 Nc6 3. d4 cxd4 4. Nxd4 Nf6 5. Nc3 e5 6. Ndb5 d6 7. Nd5 Nxd5 8.
exd5 Nb8 9. Bd3 a6 10. Nc3 Be7 11. O-O O-O 12. f4 f5 13. fxe5 dxe5 14. Qh5 e4
15. Bc4 Kh8 16. Bf4 b5 17. Bb3 Bd6 18. Kh1 Nd7 19. Bxd6 Nf6 20. Qh4 Qxd6 21.
Ne2 Nxd5 22. Rad1 Qf6 23. Qg3 Ne7 24. Rd6 Qxb2 25. Rfd1 h6 26. h4 Rf6 27. Rd8+
Kh7 28. Re8 Nc6 29. Bg8+ Kh8 30. Be6+ Kh7 31. Bxc8 Qxc2 32. Qe1 Nb4 33. Rc1 Qb2
34. Rb1 Qc2 35. Nd4 Qc7 36. Bxf5+ Rxf5 37. Rxa8 Rh5 38. Qxe4+ g6 39. Nf3 1-0

[Event "Vesterhavsturneringen 2004"]
[Site "Esbjerg"]
[Date "2004.07.09"]
[Round "8"]
[White "Leimand, Peter Martin"]
[Black "Rewitz, Poul"]
[Result "0-1"]
[WhiteElo "2074"]
[BlackElo "2255"]
[PlyCount "76"]
[EventDate "2004.??.??"]
[EventType "swiss"]
[EventRounds "9"]
[EventCountry "DEN"]

1. e4 d5 2. exd5 Nf6 3. d4 Nxd5 4. Nf3 Bg4 5. Be2 e6 6. O-O Be7 7. c4 Nb6 8.
Qb3 Nc6 9. Be3 O-O 10. c5 Nd5 11. Nc3 Nxc3 12. Qxc3 Bf6 13. Rfd1 Ne7 14. h3 Bh5
15. Qb3 Nd5 16. g4 Bg6 17. Qxb7 Rb8 18. Qxa7 Rxb2 19. Rd2 Rb8 20. Qa3 Nxe3 21.
Qxe3 Rb4 22. g5 Be7 23. h4 f6 24. a3 Rb8 25. Bc4 Kh8 26. Bxe6 Bh5 27. gxf6 Rxf6
28. Ng5 h6 29. Qh3 Rf4 30. Qh2 Rxd4 31. Rxd4 Qxd4 32. Re1 Rf8 33. Nh3 Bxc5 34.
Ba2 Bg4 35. Rf1 Bxh3 36. Qxh3 Rxf2 37. Rxf2 Qxf2+ 38. Kh1 Qg1# 0-1

[Event "Vesterhavsturneringen 2004"]
[Site "Esbjerg"]
[Date "2004.07.09"]
[Round "8"]
[White "Leutenberger, Kevin"]
[Black "Hansen, Max Erik"]
[Result "1-0"]
[WhiteElo "1669"]
[BlackElo "1775"]
[PlyCount "91"]
[EventDate "2004.??.??"]
[EventType "swiss"]
[EventRounds "9"]
[EventCountry "DEN"]

1. e4 e5 2. Nf3 Nf6 3. a3 Bc5 4. Nc3 Nc6 5. Nxe5 Bxf2+ 6. Kxf2 Nxe5 7. d4 Neg4+
8. Kg1 d5 9. h3 Nh6 10. Bxh6 gxh6 11. e5 Ne4 12. Nxe4 dxe4 13. Bc4 Qg5 14. Qe2
Bf5 15. g4 h5 16. h4 Qxg4+ 17. Qxg4 Bxg4 18. Kf2 O-O-O 19. c3 Rhf8 20. Ke3 Be6
21. Bxe6+ fxe6 22. Raf1 Kd7 23. Kxe4 Ke7 24. Rfg1 Rg8 25. Rg5 Rxg5 26. hxg5 Kf7
27. Rxh5 Kg7 28. Rh6 Re8 29. c4 c6 30. d5 exd5+ 31. cxd5 cxd5+ 32. Kxd5 Rd8+
33. Rd6 Rf8 34. Rd7+ Kg6 35. Rxb7 Kxg5 36. Rxh7 a5 37. e6 Rf2 38. Rg7+ Kh6 39.
Rb7 Kg6 40. Kd6 Rd2+ 41. Ke7 Rh2 42. Kd8 Rh8+ 43. Kd7 Rh2 44. e7 Rd2+ 45. Ke8
Rh2 46. Kd8 1-0

[Event "Vesterhavsturneringen 2004"]
[Site "Esbjerg"]
[Date "2004.07.09"]
[Round "8"]
[White "Madsen, Svend"]
[Black "Christensen, Henrik"]
[Result "0-1"]
[WhiteElo "1502"]
[BlackElo "1874"]
[PlyCount "48"]
[EventDate "2004.??.??"]
[EventType "swiss"]
[EventRounds "9"]
[EventCountry "DEN"]

1. e4 c5 2. Nf3 Nc6 3. Bb5 g6 4. Bxc6 dxc6 5. Nc3 Bg7 6. O-O e5 7. Ne2 Qe7 8.
Ng3 Nf6 9. h3 Nd7 10. d3 Nf8 11. Be3 Ne6 12. Qd2 h6 13. Rad1 Nd4 14. Bxd4 cxd4
15. c3 c5 16. c4 h5 17. a3 Bh6 18. Qe1 Bf4 19. Ne2 g5 20. Nxf4 exf4 21. b4 g4
22. Nd2 Qg5 23. hxg4 hxg4 24. e5 Qh4 0-1

[Event "Vesterhavsturneringen 2004"]
[Site "Esbjerg"]
[Date "2004.07.09"]
[Round "8"]
[White "Munksgaard, Dennis"]
[Black "Jakobsen, Christian Kjaergaar"]
[Result "1/2-1/2"]
[WhiteElo "1846"]
[BlackElo "2044"]
[PlyCount "58"]
[EventDate "2004.??.??"]
[EventType "swiss"]
[EventRounds "9"]
[EventCountry "DEN"]

1. e4 c5 2. Nf3 Nc6 3. d4 cxd4 4. Nxd4 Nf6 5. Nc3 e5 6. Nf5 d5 7. exd5 Bxf5 8.
dxc6 bxc6 9. Qf3 Qd7 10. Bb5 Rc8 11. Ba4 Bb4 12. O-O O-O 13. Rd1 e4 14. Qf4 Qe6
15. Bb3 Nd5 16. Nxd5 cxd5 17. Rxd5 Bg6 18. Be3 Qa6 19. Rad1 Qe2 20. Qe5 Rfe8
21. Qf4 a6 22. c3 Be7 23. R5d2 Qb5 24. g4 h6 25. h4 Bxh4 26. Qd6 Kh7 27. Qh2
Be7 28. Kg2 Rcd8 29. c4 Qa5 1/2-1/2

[Event "Vesterhavsturneringen 2004"]
[Site "Esbjerg"]
[Date "2004.07.09"]
[Round "8"]
[White "Nielsen, Anders"]
[Black "Henriksen, Rene"]
[Result "1-0"]
[WhiteElo "1733"]
[BlackElo "1293"]
[PlyCount "69"]
[EventDate "2004.??.??"]
[EventType "swiss"]
[EventRounds "9"]
[EventCountry "DEN"]

1. e4 e5 2. Nc3 Nc6 3. Bc4 Nf6 4. d3 d6 5. f4 Bg4 6. Nf3 Nd4 7. O-O Nxf3+ 8.
gxf3 Bh3 9. Re1 exf4 10. Bxf4 Nh5 11. Bg3 Qg5 12. Kf2 Be7 13. d4 O-O-O 14. Rg1
Qf6 15. Nd5 Qe6 16. Nb6+ axb6 17. Bxe6+ fxe6 18. f4 g6 19. Ke3 Rhf8 20. Kd3 d5
21. e5 Bf5+ 22. Kc3 Be4 23. Rf1 Ng7 24. b4 Nf5 25. Qe2 g5 26. a4 Nxg3 27. hxg3
gxf4 28. Rxf4 Rxf4 29. gxf4 h6 30. Rg1 Rh8 31. Qg4 Bf5 32. Qg7 Rh7 33. Qg8+ Kd7
34. Qb8 h5 35. Rg8 1-0

[Event "Vesterhavsturneringen 2004"]
[Site "Esbjerg"]
[Date "2004.07.09"]
[Round "8"]
[White "Nielsen, Erling Moller"]
[Black "Hoiberg, Erling"]
[Result "0-1"]
[WhiteElo "2034"]
[BlackElo "2135"]
[PlyCount "56"]
[EventDate "2004.??.??"]
[EventType "swiss"]
[EventRounds "9"]
[EventCountry "DEN"]

1. d4 Nf6 2. c4 d6 3. Nf3 Nbd7 4. g3 e5 5. Nc3 c6 6. e4 Be7 7. Bg2 Qc7 8. O-O
Nf8 9. h3 Ng6 10. Re1 Bd7 11. Be3 h5 12. Qd2 Rd8 13. Rac1 Qc8 14. Ng5 exd4 15.
Bxd4 c5 16. Be3 Ne5 17. Qe2 Ng8 18. f4 Bxg5 19. fxe5 Bxe3+ 20. Qxe3 Bxh3 21. e6
Bxe6 22. Nd5 Bxd5 23. exd5+ Kf8 24. Qg5 Nf6 25. Bf3 Rh6 26. Re2 Re8 27. Qf4
Rxe2 28. Qxd6+ Re7 0-1

[Event "Vesterhavsturneringen 2004"]
[Site "Esbjerg"]
[Date "2004.07.09"]
[Round "8"]
[White "Nielsen, Nicholas Roland"]
[Black "Krabbe, Daniel"]
[Result "1-0"]
[WhiteElo "2176"]
[BlackElo "2044"]
[PlyCount "43"]
[EventDate "2004.??.??"]
[EventType "swiss"]
[EventRounds "9"]
[EventCountry "DEN"]

1. e4 c5 2. Nf3 e6 3. d4 cxd4 4. Nxd4 a6 5. Bd3 Bc5 6. Nb3 Be7 7. c4 d6 8. O-O
Nf6 9. Nc3 Nbd7 10. f4 b6 11. Qe2 Qc7 12. Be3 Bb7 13. Nd2 O-O 14. g4 Nb8 15. f5
Nfd7 16. g5 exf5 17. exf5 Ne5 18. f6 Bd8 19. fxg7 Re8 20. Bd4 Nf3+ 21. Rxf3
Rxe2 22. Bxh7+ 1-0

[Event "Vesterhavsturneringen 2004"]
[Site "Esbjerg"]
[Date "2004.07.09"]
[Round "8"]
[White "Nielsen, Patricia"]
[Black "Lindgaard, Tobias Simon"]
[Result "1-0"]
[WhiteElo "1291"]
[BlackElo "1000"]
[PlyCount "51"]
[EventDate "2004.??.??"]
[EventType "swiss"]
[EventRounds "9"]
[EventCountry "DEN"]

1. e4 e5 2. Nf3 Nf6 3. d4 Nc6 4. Bg5 h6 5. Bh4 d6 6. Bb5 Bd7 7. Nc3 Be7 8. dxe5
dxe5 9. O-O O-O 10. Bxc6 bxc6 11. Nxe5 Bd6 12. Bxf6 Qxf6 13. Nxd7 Qh4 14. e5
Rfd8 15. exd6 Rxd7 16. Qf3 cxd6 17. Qxc6 Qd8 18. Rad1 Rc8 19. Qe4 Re7 20. Qd3
Rd7 21. Rfe1 Rc6 22. Re2 a6 23. Rde1 Rc8 24. Nd5 Qf8 25. Ne7+ Kh8 26. Nxc8 1-0

[Event "Vesterhavsturneringen 2004"]
[Site "Esbjerg"]
[Date "2004.07.09"]
[Round "8"]
[White "Nilsson, Jonas Gosta"]
[Black "Jensen, Jorgen Tranbjerg"]
[Result "1-0"]
[WhiteElo "1698"]
[BlackElo "1557"]
[PlyCount "47"]
[EventDate "2004.??.??"]
[EventType "swiss"]
[EventRounds "9"]
[EventCountry "DEN"]

1. e4 c6 2. d4 d5 3. Nc3 dxe4 4. Nxe4 Bf5 5. Ng3 Bg6 6. Nf3 Nd7 7. Bc4 e6 8.
Be3 Ngf6 9. Qe2 Bd6 10. Nh4 Qa5+ 11. c3 O-O 12. Nxg6 hxg6 13. Bb3 Nd5 14. Ne4
Be7 15. Bd2 Qb6 16. h4 N7f6 17. O-O-O a5 18. Bc2 c5 19. dxc5 Bxc5 20. Nxc5 Qxc5
21. g4 b5 22. h5 gxh5 23. g5 Nd7 24. Qxh5 1-0

[Event "Vesterhavsturneringen 2004"]
[Site "Esbjerg"]
[Date "2004.07.09"]
[Round "8"]
[White "Noe, Martin"]
[Black "Svendsen, Mads O"]
[Result "1/2-1/2"]
[WhiteElo "1506"]
[BlackElo "1744"]
[PlyCount "111"]
[EventDate "2004.??.??"]
[EventType "swiss"]
[EventRounds "9"]
[EventCountry "DEN"]

1. e4 c5 2. Nf3 d6 3. c3 Nf6 4. e5 dxe5 5. Nxe5 e6 6. Bb5+ Bd7 7. Qa4 Be7 8.
O-O O-O 9. Rd1 Bxb5 10. Qxb5 Qc7 11. d4 a6 12. Qe2 cxd4 13. Rxd4 Nc6 14. Nxc6
Qxc6 15. Be3 Nd5 16. Nd2 Nxe3 17. fxe3 Bf6 18. Rd3 Qb5 19. Nb3 Rad8 20. Rad1
Rxd3 21. Qxd3 Qb6 22. Qe2 Rd8 23. Rxd8+ Bxd8 24. Nd4 e5 25. Nf3 Qe6 26. b3 Bb6
27. c4 f5 28. Kf1 Qd6 29. g3 g6 30. Ne1 Qc6 31. Qf3 Kf7 32. Qxc6 bxc6 33. Ke2
e4 34. Nc2 c5 35. a3 a5 36. a4 Bc7 37. Na3 g5 38. Nb5 Be5 39. Kd2 f4 40. exf4
gxf4 41. gxf4 Bxf4+ 42. Ke2 Bxh2 43. Nc3 Bc7 44. Ke3 Ke6 45. Nxe4 Ke5 46. Ng5
Kf5 47. Ne4 h5 48. Kf3 Bb6 49. Ng3+ Ke5 50. Ke3 h4 51. Nh1 h3 52. Nf2 Bd8 53.
Nxh3 Kf5 54. Nf2 Be7 55. Nd3 Bd6 56. Kf3 1/2-1/2